000 00555pam a2200169 a 4500
020 _a0387913343
082 0 0 _a624.177
_bSPE
_cL-20, P-134.
100 1 _aSpencer, W. J.
_942974
245 1 0 _aFundamental structural analysis /
_cW.J. Spencer.
260 _aNew York :
_bSpringer-Verlag,
_c1988.
300 _axv, 322 p. :
_bill. ;
_c25 cm.
526 _a0
_b0
_c0
_d624_177000000000000_SPE
650 0 _aMCE
_9379
650 0 _aStructural analysis (Engineering)
_9654
650 0 _aStructural analysis (Engineering)
_xData processing.
_940515
942 _2ddc
_cBK
999 _c546781
_d546781